000 00743nam a2200229Ii 4500
003 JO-AjNU
008 230605s9999||||xx |||||||||||||| ||und||
017 _a2003/21355
020 _a977-305-647-3
040 _aJO-AjNU
_bara
_erda
_cJO-AjNU
041 _aara
050 1 4 _aPJ7820.A595.Z77 2003
100 3 _aتأليف وليد منير,
_eauthor
_917440
245 0 0 _aنص الهوية: قراءة في "محمود درويش"
250 _aط1
264 3 1 _aالقاهرة:الهيئة العامة لقصور الثقافة،2003
300 _a175ص
336 _atext
_btxt
_2rdacontent
337 _aunmediated
_bn
_2rdamedia
338 _avolume
_bnc
_2rdacarrier
650 4 _aالشعر العربي - تاريخ ونقد
_917441
999 _aA5386
_c8954
_d8954